UM Logo

Researching the Teaching of Drawing / (Record no. 24408)

MARC details
000 -LEADER
fixed length control field 00593nam a2200157 4500
005 - DATE AND TIME OF LATEST TRANSACTION
control field 20260304165801.0
008 - FIXED-LENGTH DATA ELEMENTS--GENERAL INFORMATION
fixed length control field 260304b |||||||| |||| 00| 0 eng d
020 ## - INTERNATIONAL STANDARD BOOK NUMBER
International Standard Book Number 9781648894695
082 ## - DEWEY DECIMAL CLASSIFICATION NUMBER
Classification number AV-Eb 741.2 K672 R311 2022
245 ## - TITLE STATEMENT
Title Researching the Teaching of Drawing /
Statement of responsibility, etc. edited by Raymond M. Klein.
260 ## - PUBLICATION, DISTRIBUTION, ETC. (IMPRINT)
Place of publication, distribution, etc. Wilmington, Delaware, United States :
Name of publisher, distributor, etc. Vernon Art and Science Inc.,
Date of publication, distribution, etc. ©2022.
300 ## - PHYSICAL DESCRIPTION
Extent 212 pages.
650 #0 - SUBJECT ADDED ENTRY--TOPICAL TERM
Topical term or geographic name as entry element Drawing
Form subdivision Study and teaching.
9 (RLIN) 69957
856 ## - ELECTRONIC LOCATION AND ACCESS
Link text https://ebookcentral.proquest.com/lib/uniofmindanao-ebooks/detail.action?docID=6979105
942 ## - ADDED ENTRY ELEMENTS (KOHA)
Source of classification or shelving scheme Dewey Decimal Classification
Koha item type Ebooks
Holdings
Withdrawn status Lost status Source of classification or shelving scheme Damaged status Not for loan Collection code Home library Current library Date acquired Source of acquisition Total Checkouts Full call number Date last seen Price effective from Koha item type
    Dewey Decimal Classification     AV-CD UM Digos College - LIC UM Digos College - LIC 03/04/2026 Downloaded   AV-Eb 741.2 K672 R311 2022 03/04/2026 03/04/2026 Ebooks